|
|
|
|
| LEADER |
03372nam a2200601 4500 |
| 001 |
978-3-540-45001-6 |
| 003 |
DE-He213 |
| 005 |
20191023201926.0 |
| 007 |
cr nn 008mamaa |
| 008 |
121227s2003 gw | s |||| 0|eng d |
| 020 |
|
|
|a 9783540450016
|9 978-3-540-45001-6
|
| 024 |
7 |
|
|a 10.1007/b10726
|2 doi
|
| 040 |
|
|
|d GrThAP
|
| 050 |
|
4 |
|a QC170-197
|
| 050 |
|
4 |
|a QC717.6-718.8
|
| 072 |
|
7 |
|a PHM
|2 bicssc
|
| 072 |
|
7 |
|a SCI074000
|2 bisacsh
|
| 072 |
|
7 |
|a PHM
|2 thema
|
| 082 |
0 |
4 |
|a 539
|2 23
|
| 100 |
1 |
|
|a Binek, Christian.
|e author.
|4 aut
|4 http://id.loc.gov/vocabulary/relators/aut
|
| 245 |
1 |
0 |
|a Ising-type Antiferromagnets
|h [electronic resource] :
|b Model Systems in Statistical Physics and in the Magnetism of Exchange Bias /
|c by Christian Binek.
|
| 250 |
|
|
|a 1st ed. 2003.
|
| 264 |
|
1 |
|a Berlin, Heidelberg :
|b Springer Berlin Heidelberg :
|b Imprint: Springer,
|c 2003.
|
| 300 |
|
|
|a X, 120 p.
|b online resource.
|
| 336 |
|
|
|a text
|b txt
|2 rdacontent
|
| 337 |
|
|
|a computer
|b c
|2 rdamedia
|
| 338 |
|
|
|a online resource
|b cr
|2 rdacarrier
|
| 347 |
|
|
|a text file
|b PDF
|2 rda
|
| 490 |
1 |
|
|a Springer Tracts in Modern Physics,
|x 0081-3869 ;
|v 196
|
| 505 |
0 |
|
|a Introduction -- Part I: Model Systems in Statistical Physics -- Ising-type antiferromagnets: model systems in statistical physics -- Part II: Exchange Bias -- Ferromagnetic thin films for perpendicular and planar exchange bias systems -- Exchange bias in magnetic heterosystems -- Summary.
|
| 520 |
|
|
|a The book deals with selected modern aspects of artificially layered structures and bulk materials involving antiferromagnetic long-range order. Special emphasis is laid on the prototypical behavior of Ising-type model systems. They play a crucial role in the field of statistical physics and, in addition, contribute to the basic understanding of the exchange bias phenomenon in MBE-grown magnetic heterosystems. Throughout the book, particular attention is given to the interplay between experimental results and their theoretical description, ranging from the famous Lee-Yang theory of phase transitions to novel mechanisms of exchange bias.
|
| 650 |
|
0 |
|a Atoms.
|
| 650 |
|
0 |
|a Physics.
|
| 650 |
|
0 |
|a Condensed matter.
|
| 650 |
|
0 |
|a Statistical physics.
|
| 650 |
|
0 |
|a Dynamical systems.
|
| 650 |
|
0 |
|a Magnetism.
|
| 650 |
|
0 |
|a Magnetic materials.
|
| 650 |
1 |
4 |
|a Atomic, Molecular, Optical and Plasma Physics.
|0 http://scigraph.springernature.com/things/product-market-codes/P24009
|
| 650 |
2 |
4 |
|a Condensed Matter Physics.
|0 http://scigraph.springernature.com/things/product-market-codes/P25005
|
| 650 |
2 |
4 |
|a Complex Systems.
|0 http://scigraph.springernature.com/things/product-market-codes/P33000
|
| 650 |
2 |
4 |
|a Magnetism, Magnetic Materials.
|0 http://scigraph.springernature.com/things/product-market-codes/P25129
|
| 650 |
2 |
4 |
|a Statistical Physics and Dynamical Systems.
|0 http://scigraph.springernature.com/things/product-market-codes/P19090
|
| 710 |
2 |
|
|a SpringerLink (Online service)
|
| 773 |
0 |
|
|t Springer eBooks
|
| 776 |
0 |
8 |
|i Printed edition:
|z 9783642073311
|
| 776 |
0 |
8 |
|i Printed edition:
|z 9783540404286
|
| 776 |
0 |
8 |
|i Printed edition:
|z 9783662145944
|
| 830 |
|
0 |
|a Springer Tracts in Modern Physics,
|x 0081-3869 ;
|v 196
|
| 856 |
4 |
0 |
|u https://doi.org/10.1007/b10726
|z Full Text via HEAL-Link
|
| 912 |
|
|
|a ZDB-2-PHA
|
| 912 |
|
|
|a ZDB-2-BAE
|
| 950 |
|
|
|a Physics and Astronomy (Springer-11651)
|